00572nam a22001937a 450000500170000001000150001702000220003202000250005403500130007903700130009208200080010510000170011324500710013026000370020127000600023830000210029850000400031970000190035920100813104822.0 aENG-100110 a8126026197c40.00 a9798126026196c40.00 aEN-83642 bDBAD/PUB a883 aVijayan, O V aMakers of Indian literature /cby O V Vijayan [and] P P Raveendran aNew DelhibSahitya Akademic2009 aRabindra Bhavan, 35, Ferozeshah RoadbNew Delhie110001 a96p.c21cm (pbk) aIncluded bibliographical references aP P Raveendran